[Event "Luiz Rego Memorial 4th"]
[Site "Teresina"]
[Date "2016.06.24"]
[Round "1"]
[White "Bastos, Werton Alvarenga"]
[Black "Da Silva, Francisco Jhonatas"]
[Result "1-0"]
[WhiteElo "2079"]
[BlackElo "1776"]
[PlyCount "58"]
[EventDate "2016.06.24"]
[EventType "swiss"]
[EventRounds "6"]
[EventCountry "BRA"]
[SourceTitle "EXT 2017"]
[Source "ChessBase"]
[SourceDate "2016.10.25"]
[SourceVersion "1"]
[SourceVersionDate "2016.10.25"]
[SourceQuality "1"]

1. d4 d5 2. c4 c6 3. Nf3 e6 4. Qd2 f5 5. g3 Nf6 6. Bg2 Be7 7. 0-0 0-0 8. Nc3 Ne4 9. b3 Nd7 10. Bb2 Qe8 11. Rad1 Qh5 12. e3 Nxc3 13. Bxc3 Nf6 14. h3 Bd7 15. Ne5 Be8 16. f3 Qg5 17. Qf2 Nd7 18. Nd3 Bd6 19. Nf4 Rf6 20. Bd2 dxc4 21. bxc4 e5 22. Ne2 Bh5 23. dxe5 Nxe5 24. f4 Nd3 25. fxg5 Nxf2 26. Rxf2 Rf7 27. Bf3 Bg6 28. h4 Re7 29. Nd4 Rae8 1-0